Genshin Impact - Personnages Anémo - Statistiques

Statistiques générales
  • Ce quiz a été pris 97 fois
    24 depuis la dernière actualisation
  • Le résultat moyen est 12 sur 15
Answers on the Grid
Answers color-coded by a green-red scale on the quiz's grid according to % correct below.
Aino
Albedo
Alhaitham
Aloy
Amber
Arataki Itto
Arlecchino
Baizhu
Barbara
Beidou
Bennett
Candace
Charlotte
Chasca
Chevreuse
Chiori
Chongyun
Citlali
Clorinde
Collei
Cyno
Dahlia
Dehya
Diluc
Diona
Dori
Émilie
Escoffier
Eula
Faruzan
Fischl
Flins
Fréminet
Furina
Gaming
Ganyu
Gorou
Hu Tao
Iansan
Ifa
Ineffa
Jean
Kachina
Kaedehara Kazuha
Kaeya
Kamisato Ayaka
Kamisato Ayato
Kaveh
Keqing
Kinich
Kirara
Klee
Kujou Sara
Kuki Shinobu
Lan Yan
Lauma
Layla
Lisa
Lynette
Lyney
Mavuika
Mika
Mona
Mualani
Nahida
Navia
Neuvillette
Nilou
Ningguang
Noëlle
Nomade
Ororon
Qiqi
Razor
Rosalia
Sangonomiya Kokomi
Sayu
Sethos
Shenhe
Shikanoin Heizou
Shogun Raiden
Sigewinne
Skirk
Sucrose
Tartaglia
Thomas
Tighnari
Varesa
Venti
Wriothesley
Xiangling
Xianyun
Xiao
Xilonen
Xingqiu
Xinyan
Yae Miko
Yanfei
Yaoyao
Yelan
Yoimiya
Yumemizuki Mizuki
Yun Jin
Zhongli
 
Statistiques - réponses
Réponse % Correct
Venti
96%
Sucrose
91%
Xiao
91%
Kaedehara Kazuha
87%
Nomade
87%
Jean
83%
Sayu
83%
Shikanoin Heizou
83%
Yumemizuki Mizuki
83%
Faruzan
78%
Lan Yan
78%
Lynette
78%
Xianyun
78%
Chasca
74%
Ifa
74%
Aucun quiz correspondant
Distribution des résultats
% des personnes avec chaque résultat
Percentile par nombre de réponses
Votre historique - résultats
Vous n’avez pas pris ce quiz depuis la dernière actualisation